[Event "Voronezh op-B 17th"]
[Site "Voronezh"]
[Date "2013.06.20"]
[Round "9"]
[White "Piskov, Vladimir"]
[Black "Usachev, Nikita"]
[Result "0-1"]
[WhiteElo "1913"]
[BlackElo "1754"]
[PlyCount "48"]
[EventDate "2013.06.12"]
[EventType "swiss"]
[EventRounds "9"]
[EventCountry "RUS"]
[SourceTitle "EXT 2014"]
[Source "ChessBase"]
[SourceDate "2013.11.20"]
[SourceVersion "1"]
[SourceVersionDate "2013.11.20"]
[SourceQuality "1"]

1. d4 Nf6 2. Bg5 d5 3. Bxf6 exf6 4. e3 Bf5 5. Bd3 Qd7 6. Ne2 Bb4+ 7. c3 Bxd3 8. Qxd3 Be7 9. e4 0-0 10. 0-0 Re8 11. Nd2 Na6 12. Rfe1 c6 13. Nf4 Nc7 14. Nh5 Qg4 15. Ng3 Bd6 16. Re3 Bf4 17. h3 Qg6 18. Rf3 Bxd2 19. Qxd2 dxe4 20. Rf4 e3 21. Qe2 exf2+ 22. Qxf2 Qd3 23. Rg4 Kh8 24. Nh5 Re2 0-1

[Event "Voronezh op-B 17th"]
[Site "Voronezh"]
[Date "2013.06.15"]
[Round "4"]
[White "Piskov, Vladimir"]
[Black "Malikov, Sergey Konstantinov"]
[Result "1-0"]
[WhiteElo "1913"]
[BlackElo "1811"]
[PlyCount "97"]
[EventDate "2013.06.12"]
[EventType "swiss"]
[EventRounds "9"]
[EventCountry "RUS"]
[SourceTitle "EXT 2014"]
[Source "ChessBase"]
[SourceDate "2013.11.20"]
[SourceVersion "1"]
[SourceVersionDate "2013.11.20"]
[SourceQuality "1"]

1. d4 Nf6 2. Bg5 e6 3. e4 Be7 4. Bxf6 Bxf6 5. e5 Be7 6. Bd3 0-0 7. h4 Nc6 8. Nc3 d5 9. exd6 Qxd6 10. Nf3 Nb4 11. Be4 f5 12. Bd3 Nxd3+ 13. Qxd3 Bd7 14. 0-0-0 Bf6 15. Kb1 Bc6 16. Rhe1 a6 17. g3 b5 18. Ne5 Bb7 19. Qe3 Bd5 20. Nxd5 exd5 21. Qf4 Rae8 22. Rd3 Bxe5 23. dxe5 Qd7 24. Qd4 Re6 25. Qc5 Rd8 26. Rc3 Rde8 27. f4 R8e7 28. Rd1 c6 29. a4 Qa7 30. Qa3 Kf7 31. Rc5 Qb6 32. b4 Rb7 33. axb5 axb5 34. Qd3 g6 35. Kb2 Ra7 36. Ra1 Rxa1 37. Kxa1 Re7 38. Kb1 Ra7 39. Qc3 Rc7 40. h5 Ke6 41. Qd4 Qa6 42. Qc3 Qc8 43. Qf3 Qd7 44. g4 Qf7 45. hxg6 hxg6 46. g5 Kd7 47. Qh3 Ra7 48. Qe3 Qe6 49. Rxc6 1-0

[Event "Moscow op-E"]
[Site "Moscow"]
[Date "2011.02.05"]
[Round "8.99"]
[White "Gurkin, Anton"]
[Black "Piskov, Vladimir"]
[Result "1-0"]
[WhiteElo "2275"]
[BlackElo "2046"]
[PlyCount "79"]
[EventDate "2011.01.29"]
[EventType "swiss"]
[EventRounds "9"]
[EventCountry "RUS"]
[SourceTitle "EXT 2022"]
[Source "ChessBase"]
[SourceDate "2021.10.06"]
[SourceVersion "1"]
[SourceVersionDate "2021.10.06"]
[SourceQuality "1"]

1. e4 g6 2. d4 Bg7 3. f4 d5 4. e5 c5 5. c3 cxd4 6. cxd4 Nc6 7. Nc3 Nh6 8. Be2 0-0 9. Bf3 e6 10. Be3 b6 11. g4 Ba6 12. a3 Na5 13. Bf2 Rc8 14. Nge2 Nc4 15. Ra2 Kh8 16. b3 Na5 17. h4 Rc7 18. b4 Qc8 19. Nb1 Bxe2 20. Kxe2 Nc6 21. Qd3 f6 22. exf6 Rxf6 23. g5 Rxf4 24. gxh6 Bxd4 25. Bg3 Rcf7 26. Bxf4 Rxf4 27. Rc1 Bc5 28. bxc5 Rxf3 29. Qd2 Ne5 30. Rc3 Qa6+ 31. Kd1 Rf1+ 32. Kc2 Qa4+ 33. Kb2 Qb5+ 34. Rb3 Nc4+ 35. Kc2 Qxc5 36. Qc3+ e5 37. Nd2 Rf2 38. Kc1 Qd4 39. Qxd4 exd4 40. Rf3 1-0

[Event "Moscow op-B 04th"]
[Site "Moscow"]
[Date "2008.02.08"]
[Round "7"]
[White "Perpeliev, Gencho"]
[Black "Piskov, Vladimir"]
[Result "0-1"]
[WhiteElo "1738"]
[BlackElo "2073"]
[PlyCount "70"]
[EventDate "2008.02.02"]
[EventType "swiss"]
[EventRounds "9"]
[EventCountry "RUS"]
[SourceTitle "CBM 122 Extra"]
[Source "ChessBase"]
[SourceDate "2008.03.04"]
[SourceVersion "1"]
[SourceVersionDate "2008.03.04"]
[SourceQuality "1"]

1. Nf3 d5 2. b3 c5 3. e3 Nc6 4. Bb2 Bg4 5. Be2 e6 6. d4 Nf6 7. Nbd2 Rc8 8. c4 cxd4 9. Nxd4 Nxd4 10. Bxg4 Nxg4 11. Bxd4 Qh4 12. Qf3 Bb4 13. Qg3 Qxg3 14. fxg3 dxc4 15. Ke2 cxb3 16. Nxb3 Rc2+ 17. Kf3 f5 18. e4 a5 19. Rac1 Rxc1 20. Rxc1 Nxh2+ 21. Kf4 0-0 22. Ke5 Rf6 23. Rc8+ Kf7 24. Rc7+ Kg6 25. exf5+ exf5 26. Rxb7 Ng4+ 27. Kd5 Rf7 28. Rb6+ Kg5 29. Ra6 f4 30. gxf4+ Kxf4 31. Kc6 h5 32. Nxa5 h4 33. Nc4 Kg3 34. Rb6 Be1 35. Rb3+ Kxg2 0-1

[Event "Moscow op-B 04th"]
[Site "Moscow"]
[Date "2008.02.04"]
[Round "3"]
[White "Artamonov, Valery"]
[Black "Piskov, Vladimir"]
[Result "1-0"]
[WhiteElo "2230"]
[BlackElo "2073"]
[PlyCount "59"]
[EventDate "2008.02.02"]
[EventType "swiss"]
[EventRounds "9"]
[EventCountry "RUS"]
[SourceTitle "CBM 122 Extra"]
[Source "ChessBase"]
[SourceDate "2008.03.04"]
[SourceVersion "1"]
[SourceVersionDate "2008.03.04"]
[SourceQuality "1"]

1. c4 e6 2. e4 d5 3. exd5 exd5 4. d4 Nf6 5. Nc3 Be6 6. Nf3 c6 7. Ng5 Be7 8. Bd3 0-0 9. 0-0 Qd7 10. Re1 Bg4 11. Qc2 h6 12. Nh7 Rd8 13. h3 dxc4 14. Nxf6+ Bxf6 15. Bh7+ Kh8 16. hxg4 Qxg4 17. Bf5 Qxd4 18. Be3 Qh4 19. Rad1 Na6 20. Ne4 Be5 21. Qxc4 Rxd1 22. Rxd1 Qh5 23. g4 Qh3 24. f3 Qxf3 25. Qd3 Re8 26. Bxa7 Qf4 27. Qd2 Qf3 28. Rf1 Qh3 29. Qg2 Qxg2+ 30. Kxg2 1-0